| 000 | 00529cab a2200205 4500 | ||
|---|---|---|---|
| 001 | X308 | ||
| 008 | 090401t1992 xxu||||| |||| 00| 0 eng d | ||
| 035 | _a(Sirsi) u65014 | ||
| 041 | _aeng | ||
| 100 | _aPearce, B.J. | ||
| 245 | 4 | _aThe effectiveness of the British land use planning system | |
| 260 | _c1992 | ||
| 350 | _a0 | ||
| 490 |
_aTown Planning Review _v63(1) January 1992, 13-28(16) |
||
| 650 |
_aLand use _96251 |
||
| 650 | _aPLANNING | ||
| 690 | _aPLANNING LAW AND PRACTICE | ||
| 942 | _n0 | ||
| 948 | _c04/03/1997 | ||
| 999 |
_c40518 _d40518 |
||